000
00295nam a22001337a 4500
008
171123b xxu||||| |||| 00| 0 eng d
020
_a
0080232493
041
_a
eng
080
_a
721
100
_a
41
101
_a
NDE
245
_a
LOW COST HOUSING TECHNOLOGY
_c
GOODMAN,L.J
942
_2
udc
_c
BK
999
_c
38344
_d
38344